|
|
|
|
| LEADER |
00000nam a2200000 a 4500 |
| 001 |
vtls001263752 |
| 003 |
SK-MaSNL |
| 005 |
20260301234535.0 |
| 008 |
240315s1988 xr 0 cze |
| 035 |
|
|
|a SNK000214660
|
| 040 |
|
|
|a SNK
|b slo
|c SNK
|e AACR2
|
| 041 |
|
|
|a cze
|a chi
|
| 044 |
|
|
|a xr
|c CZ
|
| 080 |
|
|
|a 811.581
|2 2001
|
| 080 |
|
|
|a (075.8)
|2 2001
|
| 100 |
1 |
|
|a Vochala, Jaromír,
|d 1927-
|4 aut
|9 313941
|
| 245 |
1 |
|
|a Základní kurs současné čínštiny II
|c Jaromír Vochala, Žu-čen Vochalová
|
| 250 |
|
|
|a 2. vyd.
|
| 260 |
|
|
|a Praha
|b Státní pedagogické nakladatelství
|c 1988
|
| 300 |
|
|
|a 195 s.
|c 30 cm
|
| 506 |
|
|
|a 300 výtl.
|
| 650 |
0 |
7 |
|a čínština
|2 SNKPH
|9 71821
|
| 655 |
|
7 |
|a učebnice vysokých škôl
|2 SNKPH
|9 70191
|
| 700 |
1 |
|
|a Vochalová, Žu-čen
|4 aut
|9 454635
|
| 958 |
|
|
|a OND
|
| 999 |
|
|
|c 970501
|d 972431
|
| 952 |
|
|
|t P60, <04>, [BOOK], {604}
|a SNK
|b SNK
|y VYP
|7 0
|p 17A0014955
|o snkIB 60335/2 D1
|0 0
|1 1
|4 0
|d 1996-10-18
|l 0
|r 2005-01-01 00:00:00
|w 2026-02-24
|